000 00434nam a2200181Ia 4500
005 20240921120730.0
008 240921s9999||||xx |||||||||||||| ||und||
041 _aENGLISH
082 _A519.2 L8
100 _aPfeiffer,Paul E
245 0 _aConcepts of Probabilty Theory
250 _a1st
260 _c1978
_bDover,New York
500 _aRandom Process
650 _aProbability
_bMathematics
942 _cBK
999 _c247430
_d247430